00878nam a22001817a 450000500170000000800450001704100080006204400070007008200170007710000240009424501650011826001810028330000430046465000280050765000380053565000480057371000750062120180803165601.0140822|2010 xxu||||| |||| 00| 0 ck spa d aspa ape a323.11bR93v aRuiz-Muller, Manuel aValoración y Protección de los Conocimientos Tradicionales en la Amazonia del Perú:bSistematización de una Experienciac Manuel, Ruiz Muller...(et al.) a PerúbPrograma de pequeñas Donaciones-SGP bSociedad Peruana de Derecho Ambiental-SPDAbUNDP-PerúbThe John D. and Catherine T.MacArthur Foundation-MACARTHURbFMAMc2010 a216 p.bIl, tablas, fot (col).c25 cm. 6aComunidades indígenas 6aIndígenas de Perúv Programas 6aIndígenas de PerúxCondiciones sociales aPerúbPrograma de Asuntos Internacionales y Biodiversidad de la SPDA